000 00967cam a2200277 a 4500
999 _c9309
_d9309
001 1024185
003 GBCCL
005 20241126110709.0
008 880216s1987 nyuaf d 000 0 eng
010 _a 88111815
020 _a0717245462 :
_c$79.95
040 _aDLC
_cDLC
_dDLC
050 0 0 _aPE1625
_b.N535 1987b
082 0 0 _a423
_219
_bNEW
245 0 4 _aThe New Lexicon Webster's dictionary of the English language.
250 _aDeluxe encyclopedic ed.
260 _aNew York :
_bLexicon Publications,
_cc1987.
300 _axxxii, 1149, [856] p., [16] p. of plates :
_bill. (some col.) ;
_c29 cm.
650 0 _aEnglish language
_xDictionaries.
_912452
650 0 _aEncyclopedias and dictionaries.
_99428
710 2 _aLexicon Publications (Firm)
_916223
740 0 _aWebster's dictionary of the English language.
906 _a7
_bcbc
_corignew
_d2
_encip
_f19
_gy-gencatlg
942 _2ddc
_cREF